LEADER 01385nam a2200301 a 4500 001 000000123176 003 CaOOAMICUS 005 20100930100715.0 008 100930t2009 uk u000 u eng r 020 $z9780199237289* 040 $aPUL$bita 082 04$a344 100 1 $aPollack, Mark A.,$d1966-$0(OLS)http://pul/name/77494 245 10$aWhen cooperation fails :$bthe international law and politics of genetically modified foods / $cMark A. Pollack, Gregory C. Shaffer. 260 $aOxford ;$aNew York :$bOxford University Press,$c©2009. 300 $axv, 439 p. ;$c24 cm 500 $aInclude indice. 504 $aInclude bilibografia p. 379-425. 650 4$aAlimentazione$xDiritto internazionale.$0(OLS)http://pul/subject/33350 700 1 $aShaffer, Gregory C.,$d1958.$0(OLS)http://pul/name/77495 850 $aPUL 852 $aPUL$W1$xSL Diritto e Scienze Sociali 3$y79$m344 POLMA 1$j141618$qDDC 21$B140647$CPULBib$Z2$F140647 $H113989 $82 941 1 $a9 996 $6020$z9780199237289*$9(OLS)http://pul/number/145483 996 $6082$a344$9(OLS)http://pul/classification/749 996 $6245$aWhen cooperation fails :$bthe international law and politics of genetically modified foods / $9(OLS)http://pul/title/155231 996 $6260$aOxford ;$aNew York :$bOxford University Press$9(OLS)http://pul/publisher/74678 LEADER 01083nam a2200241 i 4500 001 000000131137 003 CaOOAMICUS 005 20121031112813.0 008 121031s2002 xx m 000 b ita c 040 $aPUG$bita$dPUL 100 1 $aNykiel, Krzysztof Jozef.$0(OLS)http://pul/name/84121 245 13$aLa natura della potestą della chiesa nella concessione delle indulgenze /$cauctore Krzysztof Jozef Nykiel. 260 $aRoma :$b[s.n.],$c2002. 300 $a200 p.$c24 cm 502 $aTesi di Dottorato--Pontificia Universitas Gregoriana. Facultas Iuris Canonici, 2002. 504 $aBibliografia: pp. 171-196. 710 2 $aPontificia Universitą Gregoriana.$bFacoltą di diritto canonico.$kTesi.$0(OLS)http://pul/name/81757 850 $aPUL 852 $aPUL$W1$xDP1 Tesi Pon. Univ. Gregoriana$y40$m2002 C 12$j151509$qTesi$B150334$CPULBib$Z2$F150334 $82 941 1 $a16 996 $6245$aLa natura della potestą della chiesa nella concessione delle indulgenze$9(OLS)http://pul/title/165703 996 $6260$aRoma :$b[s.n.]$9(OLS)http://pul/publisher/47958